Pierce The Veil - Besitos Lyrics - Statistics

General Stats
  • This quiz has been taken 24 times
  • The average score is 222 of 362
Answer Stats
Answer % Correct
a
100%
A
100%
(A
100%
my
100%
(You
100%
you
100%
You
100%
the
94%
your
94%
I
82%
to
82%
with
82%
You're
82%
And
76%
and
76%
be
76%
favorite
76%
in
76%
me
76%
no
76%
(No)
76%
of
76%
on
76%
on,
76%
she
76%
She
76%
up
76%
up,
76%
without
76%
woke
76%
back
71%
backup"
71%
backup
71%
bed
71%
by
71%
drop
71%
explosion
71%
have
71%
have"
71%
heart
71%
heart)
71%
holding
71%
"I'm
71%
I'm
71%
is
71%
it
71%
it)
71%
leave
71%
not
71%
pain
71%
plan
71%
satisfied
71%
satisfied,
71%
single
71%
there
71%
tired
71%
violin
71%
water
71%
what
71%
all
65%
As
65%
at
65%
"Baby
65%
covered
65%
cup
65%
down
65%
down)
65%
enough"
65%
for
65%
if
65%
I'll
65%
later"
65%
myself
65%
paint
65%
picture
65%
plans,
65%
red
65%
Red
65%
ruin
65%
said
65%
San
65%
So
65%
that
65%
told
65%
(We
65%
away
59%
better
59%
boy
59%
does
59%
doesn't
59%
friend
59%
go
59%
hands
59%
keep
59%
list
59%
more
59%
never
59%
plays
59%
something
59%
strangers
59%
Symphonies
59%
talking
59%
'til
59%
turn
59%
voice
59%
we're
59%
were
59%
words
59%
dress
53%
heard
53%
into
53%
it's
53%
love
53%
love"
53%
might
53%
night
53%
over
53%
paid
53%
party
53%
pick
53%
Someone
53%
this
53%
Throw
53%
Yeah,
53%
drowning
47%
from
47%
get
47%
just
47%
only
47%
prays
47%
roll
47%
sand,
47%
smile
47%
spit
47%
telling
47%
than
47%
there's
47%
(True
47%
"You'd
47%
comes
41%
day,
41%
feel
41%
These
41%
these
41%
blood,
35%
called
35%
cause
35%
cemetery,
35%
dead
35%
don't
35%
flowers
35%
gun
35%
How
35%
I'd
35%
last
35%
life
35%
now
35%
rose
35%
roses
35%
say
35%
(say
35%
say,
35%
see
35%
steal
35%
until
35%
add
29%
because
29%
but
29%
crying
29%
(crying)
29%
diamond
29%
fired
29%
gold,
29%
got
29%
head?
29%
inside
29%
job,
29%
like
29%
little
29%
oh
29%
Oh,
29%
one
29%
seen
29%
they
29%
understand
29%
was
29%
around
24%
bedroom
24%
Bedroom
24%
breathe
24%
bullet
24%
carry
24%
case
24%
cure
24%
end
24%
everything
24%
expect
24%
Francisco)
24%
hate
24%
her
24%
know
24%
made
24%
oxygen
24%
real
24%
tonight
24%
walls
24%
walls,
24%
way
24%
become
18%
beginning
18%
break
18%
distracts
18%
friends
18%
held
18%
I've
18%
new
18%
old)
18%
Sometimes
18%
tastes
18%
alright
12%
when
12%
No matching quizzes found
Score Distribution
Percent of People with Each Score
Percentile by Number Answered
Your Score History
You have not taken this quiz